[Event "Moscow-chT U26 final"]
[Site "Moscow"]
[Date "2010.11.12"]
[Round "3"]
[White "Pilikhin, Anatoly"]
[Black "Aldokhin, Ivan"]
[Result "0-1"]
[WhiteElo "2068"]
[BlackElo "2412"]
[PlyCount "87"]
[EventDate "2010.11.07"]
[EventType "team-tourn"]
[EventRounds "9"]
[EventCountry "RUS"]
[SourceTitle "EXT 2012"]
[Source "ChessBase"]
[SourceDate "2011.11.24"]
[SourceVersion "1"]
[SourceVersionDate "2011.11.24"]
[SourceQuality "1"]

1. d4 Nf6 2. Nf3 e6 3. c4 b6 4. Bg5 h6 5. Bh4 Bb7 6. e3 Bb4+ 7. Nfd2 c5 8. a3 Ba5 9. Nc3 Bxc3 10. bxc3 d6 11. f3 Nc6 12. Bd3 e5 13. Bf2 0-0 14. 0-0 Qd7 15. Ne4 Nxe4 16. Bxe4 Na5 17. Bd5 Bxd5 18. cxd5 f6 19. dxc5 bxc5 20. Qe2 Nb3 21. Ra2 Rab8 22. a4 Na5 23. Rb2 Qxa4 24. Rxb8 Rxb8 25. Qa6 Rb6 26. Qxa7 Qb5 27. Qe7 Nb3 28. Be1 Kh7 29. Qe6 Nc1 30. c4 Qb1 31. e4 Ne2+ 32. Kh1 Nd4 33. Qh3 Qd3 34. Rg1 Rb2 35. Bh4 Rb1 36. Bf2 Rxg1+ 37. Bxg1 Qxc4 38. Bxd4 cxd4 39. Qf5+ Kh8 40. h3 d3 41. Qd7 d2 42. Qxd6 d1Q+ 43. Kh2 Qd2 44. h4 0-1